| 000 | 00821nam a2200265 a 4500 | ||
|---|---|---|---|
| 005 | 20140310183353.0 | ||
| 008 | 130408s19uu xx 00 eng d | ||
| 020 | _a9810699840 | ||
| 050 |
_aRC 86.7 _b.H339 2007 |
||
| 100 | _aHafen, Brent Q. | ||
| 245 |
_aFirst aid for colleges and universities / _cBrent Q. Hafen... [et al.]. |
||
| 250 | _a8th ed. | ||
| 260 |
_aJurong, Singapore : _bPearson Education South Asia, _c2004. |
||
| 300 |
_axviii, 558 p. : _bill. ; _c26 cm. |
||
| 650 | _aEmergency medicine | ||
| 650 | _aFirst aid in illness and injury | ||
| 650 |
_aEmergency medicine _xHandbooks |
||
| 650 |
_aFirst aid _xHandbooks |
||
| 650 | _aWounds and injuries | ||
| 700 | _aHafen, Brent Q. | ||
| 700 | _aLimmer, Daniel | ||
| 700 | _aMistovich, Joseph J. | ||
| 942 |
_cBK _2lcc _kFOR |
||
| 999 |
_c22165 _d22165 |
||